| 000 | 00906nam a22003017a 4500 | ||
|---|---|---|---|
| 003 | CHAP | ||
| 005 | 20220329140312.0 | ||
| 008 | 971013s1954 r 00010 d | ||
| 010 | _a50037 | ||
| 011 | _a51009 | ||
| 035 | _a55159 | ||
| 040 | _cCHAP | ||
| 090 | _aTesis | ||
| 100 | 0 | 0 |
_aRodríguez Ballesteros, Efraín. _998308 |
| 245 | _aEstabilización de brea | ||
| 260 |
_aMéxico, D. F. : _bEl autor, _c1954 |
||
| 300 |
_a24 h. _b: ilus. |
||
| 502 | _aTesis (Ing. Químico) -- UNAM. Escuela Nacional de Ciencias Químicas | ||
| 590 |
_aALEPH _b10 _c20130110 _lUCH01 _h1323 |
||
| 590 |
_aBATCH-UPD _b10 _c20130110 _lUCH01 _h0817 |
||
| 590 |
_aBATCH-UPD _b10 _c20130410 _lUCH01 _h0454 |
||
| 590 |
_aBATCH-UPD _b10 _c20130914 _lUCH01 _h0750 |
||
| 590 |
_aCONVERSION _b10 _c20130109 _lUCH01 _h1327 |
||
| 650 | 1 | 4 |
_aBrea. _915180 |
| 901 | _aBK | ||
| 942 | _cTESIS | ||
| 949 |
_bBC _cTES _d-121223 _eTS1 _i55159 _si |
||
| 999 |
_c50037 _d50037 |
||